BIBLIOTHÈQUE DE LA MAISON DU MEXIQUE

Logo 1 Logo 2

Carlos Pellicer (notice nᵒ 2376)

détails MARC
000 -Sello discográfico
campo de control de longitud fija 01049nam a2200337 4500
005 - Identificación de versión
campo de control 20251016083307.0
010 ## - Número Estándar Internacional de Libros (ISBN)
Número (ISBN) 968-7209-56-9
035 ## - Otros números de control del sistema
Número de control del sistema 23209
099 ## - fechas locales
Tipo de ítem Koha LIBRO
100 ## - Datos de procesamiento general
Datos de procesamiento general 19971223d1987 m y1spay5003 ba
105 ## - Campo de datos codificados: Material textual, monográfico
Datos codificados de monografía y 001zy
200 1# - Título y mención de responsabilidad
Título propio Carlos Pellicer
Designación general del material texto impreso
Primer mención de responsabilidad Prólogo Socorro Díaz
Declaración de responsabilidad subsiguiente compilación e introducción David Martín del Campo
205 ## - Declaración de edición
Declaración de edición 1a ed
210 ## - Publicación, distribución, etc.
Lugar de publicación, distribución, etc. México
Nombre del editor, distribuidor, etc. Senado de la República, LIII Legislatura
Fecha de publicación, distribución, etc. 1987
215 ## - Descripción física
Designación de material específico y extensión del ítem 184 p
Dimensiones 21 cm
345 ## - Nota de información de adquisición
Fuente de adquisición/dirección de la suscripción [OBSOLETO] Donación
410 #1 - Series
Título Serie Los Senadores
600 ## - Nombre personal usado como materia
Elemento de entrada Pellicer Cámara
Parte del nombre distinta del elemento de entrada Carlos
Fechas 1897-1977
Número Koha 2780
606 ## - Término temático usado como materia
Elemento de entrada Legisladores
Subdivisión geográfica México
Número Koha 5506
660 ## - Código de área geográfica
Código MX
702 ## - Nombre personal - Responsabilidad secundaria
Elemento de entrada Díaz
Parte del nombre distinta del elemento de entrada Socorro
Número Koha 5526
702 ## - Nombre personal - Responsabilidad secundaria
Elemento de entrada Martín del Campo
Parte del nombre distinta del elemento de entrada David
Fechas 1952-
Número Koha 5527
801 #0 - Fuente de origen
Agencia cm
856 ## - Localización electrónica y acceso
Identificador Uniforme de Recurso http://ru.juridicas.unam.mx:80/xmlui/handle/123456789/11943
900 ## -
-- 1/15162
900 ## -
-- 710976746\\231297
942 ## - ELEMENTOS DE ENTRADA SECUNDARIOS (KOHA)
Tipo de ítem Koha Livre
996 ## -
-- MEX
-- 751145101
-- MMAG
-- 009347
-- 328.72 M379C
-- 20240108LIV
Exemplaires
Estatus retirado Estado de daño Estado de pérdida Fecha de adquisición Biblioteca de origen Biblioteca actual Ubicación en estantería Código de barras Precio de reemplazo Signatura topográfica completa No para préstamo Tipo de ítem Koha Nota pública Nota no pública
      05/08/2025 Casa México Paris Casa México Paris   009347 05/08/2025 328.72 M379C   Livre 20240108LIV 751145101